00470nam a2200193 a 4500001001300000003000900013005001700022008004100039020001000080082001500090100002000105245001900125260003600144300000900180500003500189505001000224650002200234700002000256nice12345678IN_TiNIC20260116011514.0050524s1899 beia grp 000 0 ara  ac10000a892.7bYOH aYohanna, Father aNakhbul Mullah aBeirutbAl-Shabiyat Pressc1899 a156p aincludes index and biblioraphy2 aIndex aArabic-Literature1 aYohanna, Father